000 00361nam a2200145Ia 4500
008 230711s9999||||xx |||||||||||||| ||und||
041 _aENG
082 _a620
_bWH-F
100 _aWhite,Frank
245 0 _aFluid mechanics
250 _a1st . Ed.
260 _c1990
_aNew York
_bTata McGraw Hill Education Limited
650 _aMechanical Engineering
942 _cBK
999 _c613
_d613